|
|
|
|
| LEADER |
00000nab a2200000 a 4500 |
| 001 |
vtls010736236 |
| 003 |
SK-MaSNL |
| 005 |
20260304190856.0 |
| 008 |
250709s1993 xo |||||||||||||||||slo| |
| 035 |
|
|
|a (urnnbn)urn:nbn:sk:snk:ar-a05ihh
|
| 035 |
|
|
|a (uuid)f1685780-cdcf-4b1a-8cee-92dd8e93ab01
|
| 035 |
|
|
|a urn:nbn:sk:snk-ab3xop
|
| 040 |
|
|
|a SNKBUCL
|b slo
|c SNKBUCL
|e AACR2
|
| 041 |
0 |
|
|a eng
|
| 044 |
|
|
|a xo
|c SK
|
| 100 |
1 |
|
|a Ivlev, S. V.
|4 aut
|9 1522434
|
| 245 |
1 |
0 |
|a Effect of Denervation on Neuromuscular Transmission and Glutamate Sensitivity of the Locust Wing Muscle Fibers
|c S. V. Ivlev, G. P. Papidze, Yu. E. Mandelshtam
|
| 700 |
1 |
|
|a Papidze, G. P.
|4 aut
|9 1522716
|
| 700 |
1 |
|
|a Mandelshtam, Yu. E.
|4 aut
|9 1522436
|
| 773 |
0 |
|
|t General physiology and biophysics : an international journal
|g Roč. 12, č. 5 (1993), s. 391-399
|
| 850 |
|
|
|a Slovenská národná knižnica
|
| 852 |
|
|
|a Slovenská národná knižnica
|
| 958 |
|
|
|a article1
|
| 958 |
|
|
|a OND
|
| 958 |
|
|
|a EUIPO
|
| 999 |
|
|
|c 3051687
|d 3053617
|